000 00472nam a2200145Ia 4500
008 100415s9999 xx 000 0 und d
082 _b12668
_a598.6
100 _aGOODWIN DEREK
245 _aDomestic birds: instructions to young ornithologists,vi
260 _aLONDON
_c1965
_bMUSEUM PRESS LTD.
365 _b0
630 _aDomestic birds: instructions to young ornithologists,vi
730 _aDomestic birds: instructions to young ornithologists,vi
942 _cBOOK
999 _c595585
_d595582